000 00809nam a2200253 4500
003 OSt
005 20240326103829.0
008 240324t20182018my a gr6 000 f may d
020 _a9789674463939
_cRM 0.00
_qpaperback
040 _aPPAK
_beng
_cPPAK
_erda
082 _223
_a899.2333
090 _a899.2333
_bEQB
_dG
100 0 _aEqbal Mohaydeen
_eAuthor
245 0 0 _aPENANGGAL /
_cEQBAL MOHAYDEEN
264 1 _aSelangor :
_bGrup Buku Karangkraf Sdn. Bhd.,
_c2018
300 _a458 pages :
_bIllustrations ;
_c18.3 cm
336 _atext
_2rdacontent
337 _aunmediated
_2rdamedia
338 _avolume
_2rdacarrier
520 _a"Bila kepala telah putus, maka terputuslah perjanjian itu."
650 1 0 _aMalaysian fiction (Malay)
650 2 0 _aMalay fiction
942 _2ddc
_cB
999 _c195445
_d195445